000 00553nam a2200217Ia 4500
005 20140311163144.0
008 140130s9999 xx 000 0 und d
020 _a0590479636
050 _aHV 1624.K4
_b.L86 2003
100 _aLundell, Margo
_931434
245 _cLundell, Margo
_aA girl named helen keller /
260 _bScholastic,
_c2003.
_aNew York :
300 _a1 v. (unpaged) :
_bcol. ill. ;
_c23 cm.
440 _v1
521 _aG2
526 _c350
942 _cBK
_2lcc
999 _c42064
_d42064